Gender and social structure in Madagascar / (Record no. 72758)

MARC details
000 -LEADER
fixed length control field 02190cam a2200457 a 4500
003 - CONTROL NUMBER IDENTIFIER
control field URS
005 - DATE AND TIME OF LATEST TRANSACTION
control field 20230901023110.0
008 - FIXED-LENGTH DATA ELEMENTS--GENERAL INFORMATION
fixed length control field 100324s1988 inua ob 001 0 eng d
040 ## - CATALOGING SOURCE
Original cataloging agency OCLCE
Language of cataloging eng
Description conventions pn
Transcribing agency OCLCE
Modifying agency OCLCQ
-- OCLCF
-- OCLCO
-- OCLCQ
-- OCLCA
-- OCLCQ
-- OCLCO
-- INARC
-- P@U
-- YDX
-- JSTOR
-- OCLCQ
-- URS
020 ## - INTERNATIONAL STANDARD BOOK NUMBER
International Standard Book Number 9780253069139
020 ## - INTERNATIONAL STANDARD BOOK NUMBER
International Standard Book Number 0253069130
020 ## - INTERNATIONAL STANDARD BOOK NUMBER
Canceled/invalid ISBN 0253325331
020 ## - INTERNATIONAL STANDARD BOOK NUMBER
Canceled/invalid ISBN 9780253325334
050 #4 - LIBRARY OF CONGRESS CALL NUMBER
Classification number DT469.M277
Item number B374 1988
100 1# - MAIN ENTRY--PERSONAL NAME
Personal name Huntington, Richard,
Dates associated with a name 1945-
Authority record control number or standard number http://id.loc.gov/authorities/names/n89645344
245 10 - TITLE STATEMENT
Title Gender and social structure in Madagascar /
Statement of responsibility, etc. Richard Huntington.
260 ## - PUBLICATION, DISTRIBUTION, ETC.
Place of publication, distribution, etc. Bloomington :
Name of publisher, distributor, etc. Indiana University Press,
Date of publication, distribution, etc. ©1988.
300 ## - PHYSICAL DESCRIPTION
Extent 1 online resource (xii, 148 pages) :
Other physical details illustrations
336 ## - CONTENT TYPE
Content type term text
Content type code txt
Source rdacontent
337 ## - MEDIA TYPE
Media type term computer
Media type code c
Source rdamedia
338 ## - CARRIER TYPE
Carrier type term online resource
Carrier type code cr
Source rdacarrier
490 1# - SERIES STATEMENT
Series statement African systems of thought
504 ## - BIBLIOGRAPHY, ETC. NOTE
Bibliography, etc. note Includes bibliographical references (pages 137-144) and index.
506 ## - RESTRICTIONS ON ACCESS NOTE
Standardized terminology for access restriction Restrictions unspecified
Source of term star
Institution to which field applies MiAaHDL
533 ## - REPRODUCTION NOTE
Type of reproduction Electronic reproduction.
Place of reproduction [Place of publication not identified] :
Agency responsible for reproduction HathiTrust Digital Library,
Date of reproduction 2010.
Institution to which field applies MiAaHDL
538 ## - SYSTEM DETAILS NOTE
System details note Master and use copy. Digital master created according to Benchmark for Faithful Digital Reproductions of Monographs and Serials, Version 1. Digital Library Federation, December 2002.
Uniform Resource Identifier <a href="http://purl.oclc.org/DLF/benchrepro0212">http://purl.oclc.org/DLF/benchrepro0212</a>
Institution to which field applies MiAaHDL
583 1# - ACTION NOTE
Action digitized
Time/date of action 2010
Jurisdiction HathiTrust Digital Library
Status committed to preserve
Source of term pda
Institution to which field applies MiAaHDL
588 0# - SOURCE OF DESCRIPTION NOTE
Source of description note Print version record.
590 ## - LOCAL NOTE (RLIN)
Local note JSTOR
Provenance (VM) [OBSOLETE] Books at JSTOR Open Access
650 #0 - SUBJECT ADDED ENTRY--TOPICAL TERM
Topical term or geographic name entry element Bara (Malagasy people)
General subdivision Social life and customs.
650 #0 - SUBJECT ADDED ENTRY--TOPICAL TERM
Topical term or geographic name entry element Kinship
Geographic subdivision Madagascar.
650 #0 - SUBJECT ADDED ENTRY--TOPICAL TERM
Topical term or geographic name entry element Sex role
Geographic subdivision Madagascar.
650 #6 - SUBJECT ADDED ENTRY--TOPICAL TERM
Topical term or geographic name entry element Bara (Peuple de Madagascar)
General subdivision Mœurs et coutumes.
830 #0 - SERIES ADDED ENTRY--UNIFORM TITLE
Uniform title African systems of thought.
Authority record control number or standard number http://id.loc.gov/authorities/names/n42001394
856 40 - ELECTRONIC LOCATION AND ACCESS
Uniform Resource Identifier <a href="https://www.jstor.org/stable/10.2307/jj.5501028">https://www.jstor.org/stable/10.2307/jj.5501028</a>
938 ## -
-- YBP Library Services
-- YANK
-- 305619965
938 ## -
-- Internet Archive
-- INAR
-- gendersocialstru0000hunt
938 ## -
-- Project MUSE
-- MUSE
-- musev2_113362
942 ## - ADDED ENTRY ELEMENTS (KOHA)
Source of classification or shelving scheme Library of Congress Classification
Koha item type E-Book
994 ## -
-- 92
-- PHURS
Holdings
Withdrawn status Source of classification or shelving scheme Damaged status Not for loan Home library Current library Date acquired Total Checkouts Date last seen Price effective from Koha item type
  Library of Congress Classification     JSTOR Open Access Books JSTOR Open Access Books 08/31/2023   08/31/2023 08/31/2023 E-Book

University of Rizal System
Email us at univlibservices@urs.edu.ph

Visit our Website www.urs.edu.ph/library